| 000 | 00575cam2a220021700 4500 | ||
|---|---|---|---|
| 001 | zam00003783 | ||
| 008 | 951128s1973 xx eng u | ||
| 035 | _a(Sirsi) r21101 | ||
| 035 | _a(MACHINE)SLC | ||
| 100 |
_aClinard, M. B. _6A82749.1 |
||
| 245 | 1 | 0 | _aCrime in developing countries. |
| 260 | _c1973. | ||
| 949 |
_aHV 6030 _wlcc _mMAIN _tBOOK _lON-SHELF |
||
| 004 | 21101 | ||
| 591 | _aClass code: S925. | ||
| 591 | _aCourse: Criminology. | ||
| 591 | _aSchool: S05. | ||
| 591 | _aLecturer: Mrs. Singh, M. | ||
| 591 | _aNumber of Students: 47. | ||
| 909 | _aBook | ||
| 999 |
_c178894 _d178894 |
||